Le récit dans les séries policières : D'Hercule Poirot à Mentalist (notice n° 1567328)

détails MARC
000 -LEADER
fixed length control field 01647cam a2200133 4500500
005 - DATE AND TIME OF LATEST TRANSACTION
control field 20251214002705.0
041 ## - LANGUAGE CODE
Language code of text/sound track or separate title fre
042 ## - AUTHENTICATION CODE
Authentication code dc
100 10 - MAIN ENTRY--PERSONAL NAME
Personal name Sipière, Dominique
Relator term author
245 00 - TITLE STATEMENT
Title Le récit dans les séries policières : D'Hercule Poirot à Mentalist
260 ## - PUBLICATION, DISTRIBUTION, ETC.
Name of publisher, distributor, etc. Armand Colin,<br/>
Date of publication, distribution, etc. 2018.<br/>
520 ## - SUMMARY, ETC.
Summary, etc. Les séries policières anglo-saxonnes, et plus particulièrement celles qui visent d’abord l’agrément et une forme de confort narratif (le wellbeing), sont les plus populaires. Dans ces récits, dont l’écriture renvoie d’abord au classicisme hollywoodien avant de s’en dégager un peu, le spectateur trouve sans doute une forme de révélation par détective interposé, de minuscules apocalypses quotidiennes. Quels sont les mécanismes de ces séries et en quoi répondent-elles à une forme de quête de sens de leur temps ? Pour apporter des réponses à ces questions et dégager les grandes tendances et évolutions du genre depuis les années 2000, cet ouvrage remonte tout d’abord aux origines des récits policiers et à leurs prototypes narratifs : Holmes, Poirot et le whodunnit, les cop shows et la matière soap opera qui les environne. Puis, s’appuyant sur plusieurs séries représentatives, de Mentalist aux Experts, en passant par Castle ou encore Inspecteur Barnaby, il énonce et analyse leurs principaux motifs : l’esprit des lieux, le temps, la place des femmes, l’importance des minorités, la nature du Mal, les images ambivalentes de la science...
856 41 - ELECTRONIC LOCATION AND ACCESS
Uniform Resource Identifier <a href="https://shs.cairn.info/le-recit-dans-les-series-policieres--9782200622985?lang=fr&redirect-ssocas=7080">https://shs.cairn.info/le-recit-dans-les-series-policieres--9782200622985?lang=fr&redirect-ssocas=7080</a>

Pas d'exemplaire disponible.

PLUDOC

PLUDOC est la plateforme unique et centralisée de gestion des bibliothèques physiques et numériques de Guinée administré par le CEDUST. Elle est la plus grande base de données de ressources documentaires pour les Étudiants, Enseignants chercheurs et Chercheurs de Guinée.

Adresse

627 919 101/664 919 101

25 boulevard du commerce
Kaloum, Conakry, Guinée

Réseaux sociaux

Powered by Netsen Group @ 2025